| 000 | 01095nam a2200277 i 4500 | ||
|---|---|---|---|
| 001 | bg | ||
| 100 | 1 |
_aMESSNER, Zbigniew _d(1929- ). |
|
| 245 | 1 | 0 |
_aRachunkowość finansowa. _nCz. 1, _pPodstawy rachunkowości / _cZbigniew Messner, Józef Pfaf. |
| 260 |
_aWarszawa : _bStowarzyszenie Księgowych w Polsce. Zarząd Główny. Centralny Ośrodek Szkolenia Zawodowego, _c[2004]. |
||
| 300 |
_a339, [1] s. : _brys., tab. ; _c24 cm. |
||
| 504 | _aBibliogr. s. 335. | ||
| 521 | _aPubl. polecana na szkolenie dla kandydatów na biegłych rewidentów oraz na inne szkolenia z zakresu rachunkowości. | ||
| 650 | 9 |
_aPrzedsiębiorstwo _xfinanse |
|
| 650 | 9 | _aRachunkowość | |
| 655 | _aPodręczniki | ||
| 700 | 1 | _aPFAF, Józef | |
| 015 | _aPB 23322/2004 | ||
| 020 | _a8372281467 | ||
| 040 | _cBPK | ||
| 041 | 0 | _apol | |
| 080 | _a657:658.14/.17](07) | ||
| 920 | _a83-7228-146-7 | ||
| 942 | _cKS | ||
| 008 | s pl f |000 0 pol | ||
| 999 |
_c46236 _d46236 |
||
| 856 |
_uhttp://koha.tu.koszalin.pl/cgi-bin/koha/opac-detail.pl?biblionumber=46236 _yKatalog online BPK |
||